[Event "A.Arkanov Memorial"]
[Site "Gorno-Altaisk"]
[Date "2017.11.01"]
[Round "9.11"]
[White "Guempel, Viktor"]
[Black "Gritsenko, Alexey"]
[Result "1/2-1/2"]
[BlackElo "2076"]
[WhiteElo "2171"]
[LiveChessVersion "1.4.8"]

1. c4 {[%clk 0:15:19]} e5 {[%clk 0:15:12]} 2. Nc3 {[%clk 0:15:23]} Nf6
{[%clk 0:15:19]} 3. g3 {[%clk 0:15:29]} Bb4 {[%clk 0:15:10]} 4. Bg2
{[%clk 0:14:39]} Nc6 {[%clk 0:15:17]} 5. e4 {[%clk 0:14:01]} d6 {[%clk 0:15:09]}
6. Nge2 {[%clk 0:13:28]} Be6 {[%clk 0:14:55]} 7. Nd5 {[%clk 0:12:38]} Qd7
{[%clk 0:12:00]} 8. O-O {[%clk 0:10:24]} Bc5 {[%clk 0:11:15]} 9. d3
{[%clk 0:10:05]} Bxd5 {[%clk 0:09:01]} 10. cxd5 {[%clk 0:10:03]} Nd4
{[%clk 0:08:57]} 11. Be3 {[%clk 0:09:54]} Nxe2+ {[%clk 0:08:48]} 12. Qxe2
{[%clk 0:10:02]} Bxe3 {[%clk 0:08:28]} 13. Qxe3 {[%clk 0:10:00]} O-O
{[%clk 0:08:20]} 14. Rac1 {[%clk 0:09:41]} c5 {[%clk 0:06:55]} 15. dxc6
{[%clk 0:09:43]} bxc6 {[%clk 0:07:03]} 16. d4 {[%clk 0:09:43]} exd4
{[%clk 0:06:37]} 17. Qxd4 {[%clk 0:09:50]} c5 {[%clk 0:06:44]} 18. Qd2
{[%clk 0:09:23]} Rab8 {[%clk 0:05:47]} 19. Rfd1 {[%clk 0:08:35]} Rfd8
{[%clk 0:05:31]} 20. b3 {[%clk 0:07:35]} Qe7 {[%clk 0:05:17]} 21. Qd3
{[%clk 0:07:15]} h6 {[%clk 0:04:05]} 22. h3 {[%clk 0:07:02]} Ne8 {[%clk 0:03:21]}
23. Qf3 {[%clk 0:05:56]} Nc7 {[%clk 0:03:12]} 24. Bf1 {[%clk 0:05:55]} Ne6
{[%clk 0:03:16]} 25. Bc4 {[%clk 0:05:46]} Nd4 {[%clk 0:03:20]} 26. Qd3
{[%clk 0:05:27]} Re8 {[%clk 0:03:13]} 27. Re1 {[%clk 0:05:34]} Qf6
{[%clk 0:03:10]} 28. Re3 {[%clk 0:05:28]} Re7 {[%clk 0:03:09]} 29. Kg2
{[%clk 0:05:33]} Rbe8 {[%clk 0:03:12]} 30. Rce1 {[%clk 0:05:41]} h5
{[%clk 0:03:08]} 31. h4 {[%clk 0:05:14]} g5 {[%clk 0:02:21]} 32. hxg5
{[%clk 0:05:12]} Qxg5 {[%clk 0:02:29]} 33. Rh1 {[%clk 0:05:03]} Kg7
{[%clk 0:02:30]} 34. Qd1 {[%clk 0:04:32]} Rh8 {[%clk 0:02:37]} 35. Be2
{[%clk 0:03:28]} f5 {[%clk 0:01:48]} 36. f4 {[%clk 0:03:02]} Qf6 {[%clk 0:01:21]}
37. Bf3 {[%clk 0:03:04]} h4 {[%clk 0:01:08]} 38. Rh3 {[%clk 0:02:27]} Kf8
{[%clk 0:01:07]} 39. Qd3 {[%clk 0:01:58]} Rg8 {[%clk 0:01:09]} 40. exf5
{[%clk 0:01:55]} Rxe3 {[%clk 0:01:00]} 41. Qxe3 {[%clk 0:02:03]} Nxf5
{[%clk 0:01:01]} 42. Qe4 {[%clk 0:01:52]} Rxg3+ {[%clk 0:00:51]} 43. Rxg3
{[%clk 0:02:00]} hxg3 {[%clk 0:00:55]} 44. Qa8+ {[%clk 0:02:03]} Kg7
{[%clk 0:00:58]} 45. Qxa7+ {[%clk 0:02:06]} Kg6 {[%clk 0:01:01]} 46. Qa6
{[%clk 0:01:55]} Qb2+ {[%clk 0:01:07]} 47. Qe2 {[%clk 0:02:02]} Qf6
{[%clk 0:00:58]} 48. Be4 {[%clk 0:02:07]} Qh4 {[%clk 0:01:01]} 49. Bxf5+
{[%clk 0:01:08]} Kxf5 {[%clk 0:01:10]} 50. Qd3+ {[%clk 0:01:14]} Kg4
{[%clk 0:00:57]} 51. Qg6+ {[%clk 0:01:06]} Kxf4 {[%clk 0:01:05]} 52. Qxd6+
{[%clk 0:01:15]} Ke4 {[%clk 0:01:04]} 53. Qe6+ Kd3 54. Qd6+ {[%clk 0:00:22]} Qd4
{[%clk 0:01:02]} 55. Qxg3+ {[%clk 0:00:27]} Kc2 {[%clk 0:01:03]} 56. Qf2+
{[%clk 0:00:31]} Qxf2+ {[%clk 0:01:12]} 57. Kxf2 {[%clk 0:00:40]} Kb2
{[%clk 0:01:21]} 58. a4 {[%clk 0:00:49]} Kxb3 {[%clk 0:01:30]} 59. a5
{[%clk 0:00:59]} c4 {[%clk 0:01:39]} 60. a6 {[%clk 0:01:07]} c3 {[%clk 0:01:48]}
61. a7 {[%clk 0:01:16]} c2 {[%clk 0:01:57]} 62. a8=Q {[%clk 0:01:24]} c1=Q
{[%clk 0:02:06]} 63. Qc8 1/2-1/2

[Event "A.Arkanov Memorial"]
[Site "Gorno-Altaisk"]
[Date "2017.11.01"]
[Round "9.12"]
[White "Vassiliev, G."]
[Black "Maimanov, Arnat"]
[Result "1-0"]
[BlackElo "1989"]
[WhiteElo "2034"]
[LiveChessVersion "1.4.8"]

1. e4 {[%clk 0:15:18]} e6 {[%clk 0:15:17]} 2. d4 {[%clk 0:15:26]} d5
{[%clk 0:15:25]} 3. Nc3 {[%clk 0:15:34]} Nf6 {[%clk 0:15:32]} 4. Bd3
{[%clk 0:15:42]} Be7 {[%clk 0:14:28]} 5. Nf3 {[%clk 0:15:35]} O-O
{[%clk 0:14:00]} 6. O-O {[%clk 0:15:41]} dxe4 {[%clk 0:13:18]} 7. Nxe4
{[%clk 0:15:45]} Nbd7 {[%clk 0:13:16]} 8. Ne5 {[%clk 0:14:47]} Nxe4
{[%clk 0:11:36]} 9. Bxe4 {[%clk 0:14:52]} Nf6 {[%clk 0:11:33]} 10. Bf3
{[%clk 0:14:21]} c5 {[%clk 0:11:30]} 11. Be3 {[%clk 0:12:35]} Qb6
{[%clk 0:09:40]} 12. dxc5 {[%clk 0:10:07]} Bxc5 {[%clk 0:09:38]} 13. Bg5
{[%clk 0:10:14]} Be7 {[%clk 0:09:09]} 14. Qe2 {[%clk 0:09:08]} Nd5
{[%clk 0:06:41]} 15. Bd2 {[%clk 0:07:41]} Bf6 {[%clk 0:05:45]} 16. c4
{[%clk 0:07:06]} Ne7 {[%clk 0:04:17]} 17. Bc3 {[%clk 0:07:06]} Ng6
{[%clk 0:04:06]} 18. Nxg6 {[%clk 0:06:18]} hxg6 {[%clk 0:04:12]} 19. Bxf6
{[%clk 0:06:25]} gxf6 {[%clk 0:04:21]} 20. Rfd1 {[%clk 0:06:19]} Qc7
{[%clk 0:04:07]} 21. Rd4 {[%clk 0:05:57]} Bd7 {[%clk 0:03:25]} 22. Qd2
{[%clk 0:05:56]} Bc6 {[%clk 0:02:47]} 23. Bxc6 {[%clk 0:05:53]} bxc6
{[%clk 0:02:30]} 24. Qh6 {[%clk 0:05:55]} g5 {[%clk 0:02:11]} 25. Qxf6
{[%clk 0:05:48]} Qa5 {[%clk 0:01:40]} 26. Rg4 {[%clk 0:05:51]} Kh7
{[%clk 0:01:34]} 27. Rxg5 {[%clk 0:05:53]} 1-0

[Event "A.Arkanov Memorial"]
[Site "Gorno-Altaisk"]
[Date "2017.11.01"]
[Round "10.1"]
[White "Nevostrujev, Vladimir"]
[Black "Bocharov, Dmitry"]
[Result "0-1"]
[BlackElo "2580"]
[WhiteElo "2505"]
[LiveChessVersion "1.4.8"]

1. e4 {[%clk 0:15:19]} g6 {[%clk 0:14:59]} 2. d4 {[%clk 0:15:27]} Bg7
{[%clk 0:15:08]} 3. Nf3 {[%clk 0:14:44]} d6 {[%clk 0:15:12]} 4. g3
{[%clk 0:14:29]} Nf6 {[%clk 0:13:56]} 5. Nc3 {[%clk 0:14:36]} O-O
{[%clk 0:14:00]} 6. Bg2 {[%clk 0:14:43]} Nbd7 {[%clk 0:13:39]} 7. O-O
{[%clk 0:14:34]} c5 {[%clk 0:13:29]} 8. e5 {[%clk 0:13:06]} Ne8 {[%clk 0:13:36]}
9. exd6 {[%clk 0:12:51]} Nxd6 {[%clk 0:13:42]} 10. dxc5 {[%clk 0:12:26]} Nxc5
{[%clk 0:13:31]} 11. Re1 {[%clk 0:12:20]} Bg4 {[%clk 0:11:43]} 12. h3
{[%clk 0:11:13]} Bxf3 {[%clk 0:11:49]} 13. Qxf3 {[%clk 0:11:18]} Nf5
{[%clk 0:11:09]} 14. Bf4 {[%clk 0:05:27]} e6 {[%clk 0:10:08]} 15. Be5
{[%clk 0:04:47]} Qb6 {[%clk 0:09:39]} 16. Bxg7 {[%clk 0:04:39]} Kxg7
{[%clk 0:09:47]} 17. Qf4 {[%clk 0:04:08]} Rac8 {[%clk 0:08:28]} 18. Rab1
{[%clk 0:03:44]} Rfd8 {[%clk 0:07:56]} 19. Red1 {[%clk 0:02:26]} Rxd1+
{[%clk 0:07:16]} 20. Nxd1 {[%clk 0:02:35]} Nd7 {[%clk 0:07:17]} 21. Qd2
{[%clk 0:02:20]} Nf6 {[%clk 0:06:10]} 22. Kh2 {[%clk 0:02:08]} h5
{[%clk 0:06:17]} 23. c3 {[%clk 0:01:56]} Rd8 {[%clk 0:05:31]} 24. Qe2
{[%clk 0:01:48]} Qc7 {[%clk 0:03:57]} 25. Ne3 {[%clk 0:01:34]} h4
{[%clk 0:04:05]} 26. Nxf5+ {[%clk 0:01:37]} exf5 {[%clk 0:04:13]} 27. Re1
{[%clk 0:01:16]} hxg3+ {[%clk 0:03:49]} 28. fxg3 {[%clk 0:01:25]} Nh5
{[%clk 0:03:05]} 29. Qe3 {[%clk 0:00:41]} f4 {[%clk 0:03:04]} 30. gxf4
{[%clk 0:00:49]} Nxf4 {[%clk 0:03:13]} 31. Kh1 {[%clk 0:00:54]} Rd3
{[%clk 0:02:54]} 32. Qf2 {[%clk 0:00:13]} Qd6 {[%clk 0:01:59]} 33. Re3
{[%clk 0:00:12]} Rd2 0-1

[Event "A.Arkanov Memorial"]
[Site "Gorno-Altaisk"]
[Date "2017.11.01"]
[Round "10.2"]
[White "Chigaev, Maksim"]
[Black "Kardashevskiy, Evgeny"]
[Result "1-0"]
[BlackElo "2396"]
[WhiteElo "2536"]
[LiveChessVersion "1.4.8"]

1. e4 {[%clk 0:15:19]} c5 {[%clk 0:15:18]} 2. Nf3 {[%clk 0:15:27]} d6
{[%clk 0:15:27]} 3. Nc3 {[%clk 0:15:35]} Nf6 {[%clk 0:15:34]} 4. e5
{[%clk 0:15:43]} dxe5 {[%clk 0:15:26]} 5. Nxe5 {[%clk 0:15:51]} Qc7
{[%clk 0:15:16]} 6. d4 {[%clk 0:15:28]} cxd4 {[%clk 0:14:29]} 7. Qxd4
{[%clk 0:14:49]} Nc6 {[%clk 0:14:08]} 8. Nxc6 {[%clk 0:14:23]} bxc6
{[%clk 0:14:15]} 9. Bf4 {[%clk 0:10:37]} Qb6 {[%clk 0:13:36]} 10. O-O-O
{[%clk 0:09:58]} e6 {[%clk 0:12:03]} 11. Nb5 {[%clk 0:07:38]} Bc5
{[%clk 0:09:43]} 12. Nc7+ {[%clk 0:07:18]} Qxc7 {[%clk 0:09:36]} 13. Bxc7
{[%clk 0:07:26]} Bxd4 {[%clk 0:09:44]} 14. Rxd4 {[%clk 0:07:34]} Nd5
{[%clk 0:09:33]} 15. Bd6 {[%clk 0:07:37]} f6 {[%clk 0:08:59]} 16. f4
{[%clk 0:07:08]} Kf7 {[%clk 0:08:49]} 17. Be2 {[%clk 0:06:29]} Bb7
{[%clk 0:08:16]} 18. Bc5 {[%clk 0:06:20]} Rhd8 {[%clk 0:06:06]} 19. Rhd1
{[%clk 0:05:49]} Ke8 {[%clk 0:06:08]} 20. c4 {[%clk 0:04:52]} Nb6
{[%clk 0:05:01]} 21. Rd6 {[%clk 0:04:38]} Rxd6 {[%clk 0:05:05]} 22. Rxd6
{[%clk 0:04:46]} Bc8 {[%clk 0:03:39]} 23. Rxc6 {[%clk 0:04:01]} Bd7
{[%clk 0:02:46]} 24. Rc7 {[%clk 0:03:47]} Rc8 {[%clk 0:01:51]} 25. Rxc8+
{[%clk 0:03:52]} Bxc8 {[%clk 0:01:57]} 26. b3 {[%clk 0:03:55]} Bb7
{[%clk 0:02:03]} 27. g3 {[%clk 0:04:03]} Kd7 {[%clk 0:01:50]} 28. Kd2
{[%clk 0:03:55]} Nc8 {[%clk 0:01:58]} 29. b4 {[%clk 0:03:38]} a6 {[%clk 0:02:05]}
30. a4 {[%clk 0:03:36]} Nd6 {[%clk 0:01:59]} 31. Bxd6 {[%clk 0:03:31]} Kxd6
{[%clk 0:02:07]} 32. c5+ {[%clk 0:03:14]} Kc7 {[%clk 0:02:15]} 33. b5
{[%clk 0:02:46]} axb5 {[%clk 0:02:23]} 34. axb5 {[%clk 0:02:55]} Bd5
{[%clk 0:02:24]} 35. Ke3 {[%clk 0:02:51]} e5 {[%clk 0:02:32]} 36. fxe5
{[%clk 0:02:59]} fxe5 {[%clk 0:02:39]} 37. Bf3 {[%clk 0:02:56]} Bc4
{[%clk 0:02:43]} 38. b6+ {[%clk 0:02:58]} Kd7 {[%clk 0:02:48]} 39. c6+
{[%clk 0:02:56]} Kd6 {[%clk 0:02:52]} 40. c7 {[%clk 0:03:04]} Ba6
{[%clk 0:02:49]} 41. Bg4 {[%clk 0:03:08]} 1-0

[Event "A.Arkanov Memorial"]
[Site "Gorno-Altaisk"]
[Date "2017.11.01"]
[Round "10.4"]
[White "Pakhomov, Egor"]
[Black "Vlassov, Nikolai"]
[Result "1/2-1/2"]
[BlackElo "2473"]
[WhiteElo "2524"]
[LiveChessVersion "1.4.8"]

1. Nf3 {[%clk 0:12:21]} f5 {[%clk 0:15:13]} 2. d3 {[%clk 0:12:30]} Nc6
{[%clk 0:14:25]} 3. d4 {[%clk 0:12:15]} d6 {[%clk 0:14:25]} 4. Nc3
{[%clk 0:12:09]} Nf6 {[%clk 0:14:12]} 5. d5 {[%clk 0:12:15]} Ne5 {[%clk 0:14:13]}
6. Bg5 {[%clk 0:11:50]} Nxf3+ {[%clk 0:14:01]} 7. exf3 {[%clk 0:11:58]} e5
{[%clk 0:14:06]} 8. Bb5+ {[%clk 0:11:49]} Kf7 {[%clk 0:13:38]} 9. Qe2
{[%clk 0:11:37]} h6 {[%clk 0:13:14]} 10. Bd2 {[%clk 0:11:32]} g6 {[%clk 0:12:54]}
11. f4 {[%clk 0:11:27]} e4 {[%clk 0:12:41]} 12. f3 {[%clk 0:10:59]} a6
{[%clk 0:12:48]} 13. Bc4 {[%clk 0:11:05]} b5 {[%clk 0:12:36]} 14. Bb3
{[%clk 0:11:13]} Bg7 {[%clk 0:11:13]} 15. O-O-O {[%clk 0:11:11]} b4
{[%clk 0:11:07]} 16. Na4 {[%clk 0:11:11]} a5 {[%clk 0:11:14]} 17. c4
{[%clk 0:10:16]} Re8 {[%clk 0:10:13]} 18. Rhe1 {[%clk 0:09:49]} exf3
{[%clk 0:08:45]} 19. Qxf3 {[%clk 0:09:51]} Ne4 {[%clk 0:08:46]} 20. Be3
{[%clk 0:09:44]} Bd7 {[%clk 0:07:38]} 21. c5 {[%clk 0:09:20]} Bb5
{[%clk 0:07:47]} 22. c6 {[%clk 0:08:32]} Qh4 {[%clk 0:07:25]} 23. h3
{[%clk 0:05:54]} Re7 {[%clk 0:07:30]} 24. g4 {[%clk 0:05:29]} Qg3
{[%clk 0:06:55]} 25. Qxg3 {[%clk 0:05:01]} Nxg3 {[%clk 0:07:04]} 26. gxf5
{[%clk 0:03:12]} Nxf5 27. Bf2 Rae8 {[%clk 0:06:55]} 28. Re6 {[%clk 0:03:18]} Rxe6
{[%clk 0:06:06]} 29. dxe6+ {[%clk 0:03:27]} Kf6 {[%clk 0:06:15]} 30. Rd5
{[%clk 0:03:10]} Bxc6 {[%clk 0:05:58]} 31. Rxa5 {[%clk 0:03:18]} Ra8
{[%clk 0:06:04]} 32. Rxa8 {[%clk 0:02:48]} Bxa8 {[%clk 0:06:13]} 33. Be1
{[%clk 0:02:57]} Nd4 {[%clk 0:05:59]} 34. Bc4 {[%clk 0:02:16]} Bc6
{[%clk 0:05:46]} 35. b3 {[%clk 0:02:21]} d5 {[%clk 0:05:50]} 36. Bf1
{[%clk 0:01:27]} Bf8 {[%clk 0:05:52]} 37. Nb2 {[%clk 0:01:36]} Nxe6
{[%clk 0:05:53]} 38. Bh4+ {[%clk 0:00:57]} Kf7 {[%clk 0:05:15]} 39. Nd3
{[%clk 0:01:02]} Bd6 {[%clk 0:04:55]} 40. Ne5+ {[%clk 0:01:11]} Bxe5
{[%clk 0:05:04]} 41. fxe5 {[%clk 0:01:21]} g5 {[%clk 0:05:03]} 42. Be1
{[%clk 0:01:29]} Nf4 {[%clk 0:04:33]} 43. Bxb4 {[%clk 0:01:18]} Bd7
{[%clk 0:04:42]} 44. a4 {[%clk 0:01:00]} Bxh3 {[%clk 0:04:42]} 45. Bxh3
{[%clk 0:00:41]} Nd3+ {[%clk 0:04:41]} 46. Kd2 {[%clk 0:00:51]} Nxb4
{[%clk 0:04:50]} 47. a5 {[%clk 0:00:36]} h5 {[%clk 0:04:44]} 48. Bc8
{[%clk 0:00:39]} d4 {[%clk 0:02:19]} 49. a6 {[%clk 0:00:43]} Nc6 {[%clk 0:02:04]}
50. Bb7 {[%clk 0:00:26]} Na7 {[%clk 0:02:12]} 51. Bd5+ {[%clk 0:00:34]} Ke7
{[%clk 0:02:05]} 52. Kd3 {[%clk 0:00:39]} c5 {[%clk 0:02:14]} 53. b4
{[%clk 0:00:22]} cxb4 {[%clk 0:02:22]} 54. Kxd4 {[%clk 0:00:31]} h4
{[%clk 0:02:17]} 55. Ke3 {[%clk 0:00:35]} g4 {[%clk 0:01:57]} 56. Kf4
{[%clk 0:00:39]} g3 {[%clk 0:01:59]} 57. Kf3 {[%clk 0:00:47]} Kd7
{[%clk 0:01:39]} 58. Kg2 {[%clk 0:00:50]} Kc7 {[%clk 0:01:44]} 59. Kh3
{[%clk 0:00:54]} Kb6 {[%clk 0:01:22]} 60. Bc4 {[%clk 0:00:37]} Kc5
{[%clk 0:01:28]} 61. e6 {[%clk 0:00:40]} Kd6 {[%clk 0:01:23]} 62. Bd5
{[%clk 0:00:38]} Nc8 {[%clk 0:01:30]} 63. Bc4 {[%clk 0:00:42]} Kc6
{[%clk 0:01:28]} 64. Bb3 {[%clk 0:00:33]} Kb6 {[%clk 0:01:25]} 65. Bc4
{[%clk 0:00:40]} Ne7 {[%clk 0:01:34]} 66. Kg2 {[%clk 0:00:30]} Nf5
{[%clk 0:01:39]} 67. Bd3 {[%clk 0:00:31]} Ne3+ {[%clk 0:01:30]} 68. Kh3
{[%clk 0:00:28]} Nd5 69. Be4 Nf4+ {[%clk 0:01:06]} 70. Kxh4 {[%clk 0:00:36]} Nxe6
{[%clk 0:00:59]} 71. Kxg3 {[%clk 0:00:43]} Kxa6 {[%clk 0:01:08]} 72. Kf2
{[%clk 0:00:49]} Kb5 {[%clk 0:01:16]} 73. Ke3 {[%clk 0:00:57]} Kc4
{[%clk 0:01:15]} 74. Bh7 {[%clk 0:01:03]} Kc3 {[%clk 0:01:07]} 75. Bg8
{[%clk 0:01:09]} Nd4 {[%clk 0:01:15]} 76. Kf4 {[%clk 0:01:11]} Nb3
{[%clk 0:01:16]} 77. Ke3 {[%clk 0:01:16]} Nd2 {[%clk 0:01:18]} 78. Ba2
{[%clk 0:01:24]} Nb3 {[%clk 0:01:18]} 79. Bb1 {[%clk 0:01:30]} Nd2
{[%clk 0:01:09]} 80. Ba2 {[%clk 0:01:38]} Nc4+ {[%clk 0:01:09]} 81. Ke2
{[%clk 0:01:43]} Na5 {[%clk 0:01:14]} 82. Ke3 {[%clk 0:01:50]} Nb3
{[%clk 0:01:20]} 83. Bb1 {[%clk 0:01:59]} Na5 {[%clk 0:01:17]} 84. Ba2
{[%clk 0:02:07]} Nb3 {[%clk 0:01:12]} 85. Bb1 {[%clk 0:02:16]} Na1
{[%clk 0:01:17]} 86. Ba2 {[%clk 0:02:15]} Nc2+ {[%clk 0:01:24]} 87. Ke2
{[%clk 0:02:23]} Na3 {[%clk 0:01:32]} 88. Ke3 {[%clk 0:02:28]} Kc2
{[%clk 0:01:39]} 89. Bg8 {[%clk 0:02:33]} Nb5 {[%clk 0:01:44]} 90. Bc4
{[%clk 0:02:35]} Nd6 {[%clk 0:01:48]} 91. Bg8 {[%clk 0:02:43]} Kc3
{[%clk 0:01:55]} 92. Ba2 {[%clk 0:02:51]} Nf5+ {[%clk 0:01:59]} 93. Ke2
{[%clk 0:02:59]} Kc2 {[%clk 0:02:06]} 94. Bg8 {[%clk 0:02:59]} Nd6
{[%clk 0:02:10]} 95. Ke3 {[%clk 0:03:05]} Kc3 {[%clk 0:02:13]} 96. Ba2
{[%clk 0:03:13]} Nc4+ {[%clk 0:02:02]} 97. Ke2 {[%clk 0:03:22]} Na5
{[%clk 0:02:03]} 98. Ke3 {[%clk 0:03:28]} Kc2 {[%clk 0:02:11]} 99. Bg8
{[%clk 0:03:31]} Nb3 {[%clk 0:02:13]} 100. Ke2 {[%clk 0:03:28]} Kc3
{[%clk 0:02:07]} 101. Ke3 {[%clk 0:03:30]} Nc1 {[%clk 0:02:14]} 102. Bf7
{[%clk 0:03:37]} Kc2 {[%clk 0:02:14]} 103. Kd4 {[%clk 0:03:37]} Ne2+
{[%clk 0:02:12]} 104. Kc5 {[%clk 0:03:45]} Kc3 {[%clk 0:02:20]} 105. Bg8
{[%clk 0:03:43]} Nf4 {[%clk 0:02:24]} 106. Kb5 {[%clk 0:03:48]} Ng6
{[%clk 0:02:28]} 107. Kc5 {[%clk 0:03:53]} Ne7 {[%clk 0:02:31]} 108. Be6
{[%clk 0:03:57]} Ng6 {[%clk 0:02:39]} 109. Bg8 {[%clk 0:04:06]} Nf4
{[%clk 0:02:48]} 110. Kb5 {[%clk 0:04:12]} Nd3 {[%clk 0:02:55]} 111. Bf7
{[%clk 0:04:15]} Ne5 {[%clk 0:03:00]} 112. Bg8 {[%clk 0:04:24]} Nf3
{[%clk 0:03:08]} 113. Kc5 {[%clk 0:04:33]} Nd4 {[%clk 0:03:11]} 114. Bf7
{[%clk 0:04:40]} Nc2 {[%clk 0:03:14]} 115. Bg8 {[%clk 0:04:48]} Na1
{[%clk 0:02:54]} 116. Bf7 {[%clk 0:04:56]} Nb3+ {[%clk 0:03:02]} 117. Kb5
{[%clk 0:05:05]} Nd4+ {[%clk 0:03:05]} 118. Kc5 {[%clk 0:05:14]} 1/2-1/2

[Event "A.Arkanov Memorial"]
[Site "Gorno-Altaisk"]
[Date "2017.11.01"]
[Round "10.5"]
[White "Smirnov, Pavel"]
[Black "Piskunov, Alexandr"]
[Result "1-0"]
[BlackElo "2364"]
[WhiteElo "2582"]
[LiveChessVersion "1.4.8"]

1. d4 {[%clk 0:15:16]} d6 {[%clk 0:14:58]} 2. Nf3 {[%clk 0:15:24]} Nf6
{[%clk 0:15:07]} 3. c4 {[%clk 0:15:32]} g6 {[%clk 0:15:16]} 4. Nc3
{[%clk 0:15:41]} Bf5 {[%clk 0:15:24]} 5. Ng5 {[%clk 0:15:50]} Bd7
{[%clk 0:15:31]} 6. e4 {[%clk 0:15:47]} e5 {[%clk 0:15:39]} 7. Nf3
{[%clk 0:15:54]} Nc6 {[%clk 0:15:47]} 8. d5 {[%clk 0:16:01]} Ne7 {[%clk 0:15:54]}
9. c5 {[%clk 0:15:43]} Bg7 {[%clk 0:16:03]} 10. Qb3 {[%clk 0:12:41]} dxc5
{[%clk 0:13:55]} 11. Qxb7 {[%clk 0:11:17]} O-O {[%clk 0:14:02]} 12. Be2
{[%clk 0:11:25]} Ne8 {[%clk 0:13:58]} 13. Be3 {[%clk 0:09:52]} Rb8
{[%clk 0:13:25]} 14. Qxa7 {[%clk 0:10:00]} Rxb2 {[%clk 0:13:33]} 15. Qa3
{[%clk 0:09:33]} Qb8 {[%clk 0:13:16]} 16. O-O {[%clk 0:08:44]} Nd6
{[%clk 0:13:16]} 17. Rab1 {[%clk 0:08:06]} Rxb1 {[%clk 0:13:24]} 18. Rxb1
{[%clk 0:08:15]} Qa8 {[%clk 0:13:33]} 19. Bxc5 {[%clk 0:08:10]} Qxa3
{[%clk 0:13:12]} 20. Bxa3 {[%clk 0:08:19]} f5 {[%clk 0:13:19]} 21. Bxd6
{[%clk 0:07:05]} cxd6 {[%clk 0:13:28]} 22. Rb7 {[%clk 0:07:14]} Rd8
{[%clk 0:13:37]} 23. Bb5 {[%clk 0:05:42]} Bxb5 {[%clk 0:12:53]} 24. Nxb5
{[%clk 0:05:31]} fxe4 {[%clk 0:12:57]} 25. Ng5 {[%clk 0:05:37]} Rc8
{[%clk 0:12:27]} 26. g3 {[%clk 0:05:19]} Nxd5 {[%clk 0:12:33]} 27. Nxd6
{[%clk 0:04:47]} Ra8 {[%clk 0:12:08]} 28. Ndxe4 {[%clk 0:04:27]} h6
{[%clk 0:08:05]} 29. Ne6 {[%clk 0:04:36]} Bf8 {[%clk 0:08:14]} 30. Rb5
{[%clk 0:02:05]} Ne7 {[%clk 0:07:59]} 31. a4 {[%clk 0:01:31]} Nc6
{[%clk 0:06:39]} 32. Rb6 {[%clk 0:01:26]} Ne7 {[%clk 0:05:54]} 33. Nxf8
{[%clk 0:01:03]} Kxf8 {[%clk 0:05:59]} 34. Nc5 {[%clk 0:01:04]} Kf7
{[%clk 0:04:48]} 35. Kg2 {[%clk 0:01:13]} e4 {[%clk 0:04:33]} 36. Rb4
{[%clk 0:01:10]} e3 {[%clk 0:04:41]} 37. Rf4+ {[%clk 0:00:47]} Kg8
{[%clk 0:04:42]} 38. fxe3 {[%clk 0:00:52]} Nd5 {[%clk 0:04:44]} 39. Re4
{[%clk 0:00:52]} Ra5 {[%clk 0:04:48]} 40. Nb3 {[%clk 0:00:53]} Ra7
{[%clk 0:04:48]} 41. Re5 {[%clk 0:00:54]} Nf6 {[%clk 0:03:54]} 42. a5
{[%clk 0:00:59]} Rb7 {[%clk 0:04:03]} 43. Nd4 {[%clk 0:00:32]} Rb2+
{[%clk 0:04:12]} 44. Kf3 {[%clk 0:00:40]} Rxh2 {[%clk 0:03:34]} 45. a6
{[%clk 0:00:29]} Ra2 {[%clk 0:03:25]} 46. Re6 {[%clk 0:00:37]} Kf7
{[%clk 0:03:30]} 47. Rd6 {[%clk 0:00:42]} g5 {[%clk 0:02:33]} 48. Nb5
{[%clk 0:00:28]} g4+ {[%clk 0:02:35]} 49. Kf4 {[%clk 0:00:37]} Ra4+
{[%clk 0:02:42]} 50. Kf5 {[%clk 0:00:32]} Ne4 {[%clk 0:02:20]} 51. Rd7+
{[%clk 0:00:21]} Ke8 {[%clk 0:02:27]} 52. Rh7 {[%clk 0:00:20]} Nxg3+
{[%clk 0:02:34]} 53. Ke5 {[%clk 0:00:20]} Ra5 {[%clk 0:02:03]} 54. Rb7
{[%clk 0:00:29]} h5 {[%clk 0:02:12]} 55. a7 {[%clk 0:00:38]} h4 {[%clk 0:02:31]}
56. Kf4 {[%clk 0:00:32]} Ra4+ {[%clk 0:02:31]} 57. Nd4 {[%clk 0:00:40]} Ne2+
{[%clk 0:02:35]} 58. Kxg4 {[%clk 0:00:42]} Nxd4 {[%clk 0:02:43]} 59. exd4
{[%clk 0:00:47]} Rxd4+ {[%clk 0:02:52]} 60. Kh3 {[%clk 0:00:52]} 1-0

[Event "A.Arkanov Memorial"]
[Site "Gorno-Altaisk"]
[Date "2017.11.01"]
[Round "10.6"]
[White "Akselrod, Vladislav"]
[Black "Yudin, Sergei"]
[Result "1/2-1/2"]
[BlackElo "2578"]
[WhiteElo "2451"]
[LiveChessVersion "1.4.8"]

1. d4 {[%clk 0:15:19]} d5 {[%clk 0:15:19]} 2. Nf3 {[%clk 0:15:26]} c6
{[%clk 0:15:27]} 3. Bf4 {[%clk 0:15:35]} Qb6 {[%clk 0:15:35]} 4. Qc1
{[%clk 0:15:43]} Bf5 {[%clk 0:15:42]} 5. e3 {[%clk 0:15:51]} Nf6 {[%clk 0:15:44]}
6. h3 {[%clk 0:16:00]} e6 {[%clk 0:15:50]} 7. Be2 {[%clk 0:16:08]} Nbd7
{[%clk 0:15:56]} 8. O-O {[%clk 0:16:16]} Be7 {[%clk 0:16:00]} 9. c4
{[%clk 0:16:25]} O-O {[%clk 0:16:08]} 10. c5 {[%clk 0:16:18]} Qd8
{[%clk 0:16:16]} 11. b4 {[%clk 0:16:27]} Ne4 {[%clk 0:16:10]} 12. Nc3
{[%clk 0:16:21]} Re8 {[%clk 0:15:22]} 13. a4 {[%clk 0:16:16]} Bf6
{[%clk 0:15:21]} 14. Nxe4 {[%clk 0:16:06]} Bxe4 {[%clk 0:15:29]} 15. Ne5
{[%clk 0:15:10]} 1/2-1/2